Chinese Home-Style Cooking / (Record no. 611335)
[ view plain ]
| 000 -LEADER | |
|---|---|
| fixed length control field | 00401nam a22001337a 4500 |
| 020 ## - INTERNATIONAL STANDARD BOOK NUMBER | |
| International Standard Book Number | 7119004077 |
| 082 ## - DEWEY DECIMAL CLASSIFICATION NUMBER | |
| Classification number | 641.5952 |
| Author Mark | JIN |
| 100 ## - MAIN ENTRY--PERSONAL NAME | |
| Personal name | Jinhuai, Wang & Yuan, Xue |
| 245 ## - TITLE STATEMENT | |
| Title | Chinese Home-Style Cooking / |
| Statement of responsibility, etc. | Wang Jinhuai ; Xue Yuan and Edited by Bai Ziran |
| 260 ## - PUBLICATION, DISTRIBUTION, ETC. | |
| Place of publication, distribution, etc. | Beijing : |
| Name of publisher, distributor, etc. | Foreign Languages Press, |
| Date of publication, distribution, etc. | 1990. |
| 300 ## - PHYSICAL DESCRIPTION | |
| Extent | 239 p. ; |
| Dimensions | 26 cm. |
| 563 ## - BINDING INFORMATION | |
| Binding note | Hardcover. |
| 942 ## - ADDED ENTRY ELEMENTS (KOHA) | |
| Source of classification or shelving scheme | |
| Koha item type | Book |
| Withdrawn status | Lost status | Source of classification or shelving scheme | Damaged status | Not for loan | Permanent Location | Current Location | Shelving location | Date acquired | Source of acquisition | Total Checkouts | Full call number | Barcode | Date last seen | Price effective from | Koha item type |
|---|---|---|---|---|---|---|---|---|---|---|---|---|---|---|---|
| Central Library (CL) | Central Library (CL) | Chinese Studies | 09/02/2024 | Donated by Chinese Studies Center | 641.5952 JIN | CL-D-2642 | 09/02/2024 | 09/02/2024 | Book |
